| 000 | 00955cam a2200205 4500 | ||
|---|---|---|---|
| 001 | ABS63708 | ||
| 008 | 000000n2001 000 0 eng u | ||
| 035 | _a(Sirsi) u111740 | ||
| 100 | _aBazlinton, C. | ||
| 245 | _aTop 50 housing associations | ||
| 260 | _c2001 | ||
| 490 |
_aBuilding Homes _vMarch 2001, 36-37(2) |
||
| 520 | _aProvides a listing of the top 50 housing associations in 2000 and 2001, ranked according to development programmes. Analyses the listing, which indicates that most of new activity remains in the hands of the same associations. Suggests the overall picture is one of continued growth, and there is a definite shift of spending southwards. Predicts that within three years the housing association sector will have more stock than local authorities. | ||
| 590 | _aABS | ||
| 650 | _aHOUSING ASSOCIATIONS | ||
| 650 | _aRANKINGS | ||
| 650 | _aDEVELOPMENT PROGRAMMES | ||
| 690 |
_aAffordable housing _96215 |
||
| 942 | _n0 | ||
| 999 |
_c66574 _d66574 |
||